000 00831nam a2200229 a 4500
001 63232
003 BD-RjUL
005 20211209081155.0
008 170129s2007 bg ||||| |||| 00| 0 ben d
020 _c: TK 100.00
035 _a(BD-RjUL)63361
040 _aBD-RjUL
_bben
_cBD-RjUL
041 _aben
082 _223
_a784
_bASB 2007
100 _aআসগর, সাদিক
_9170404
245 1 0 _aবাঁশের বাঁশী :
_bপল্লীগীতি সঞ্চয়ন /
_cসাদিক আসগর
260 _aঢাকা :
_bমোঃ ফসিয়ার রহমান,
_c২০০৭
300 _a১২৬ পৃ. :
_bচিত্র ;
_c২১ সেমি.
650 _aসঙ্গীত যন্ত্র
_9170511
650 _aInstrument of music
_9188200
942 _2ddc
_cBK
999 _c63232
_d63232